| 000 | 00675nam a22002537a 4500 | ||
|---|---|---|---|
| 003 | OSt | ||
| 005 | 20230321163452.0 | ||
| 008 | 190921b xxu||||| |||| 00| 0 eng d | ||
| 010 | _a2010001491 | ||
| 020 | _a0205477534 | ||
| 040 | _cLC | ||
| 050 | _aP90.V53 | ||
| 082 |
_2dc22 _a302.23 |
||
| 100 |
_aVivian, John _91077 |
||
| 245 |
_aThe media of mass communication. / _cJohn Vivian |
||
| 250 | _a8th ed. | ||
| 260 |
_aBoston: _bAllyn & Bacon, _c2007. |
||
| 300 |
_axxvii, 516 p .: _bill. ; |
||
| 500 | _aIncludes index. | ||
| 505 | _aContents: 1. The Mass media: Mass media literacy -- | ||
| 650 |
_aMass media _91078 |
||
| 655 | _2Mass media | ||
| 942 |
_2lcc _cBK |
||
| 999 |
_c9462 _d16962 |
||